[Event "CZE-ch Junior 2020"]
[Site "Kouty nad Desnou"]
[Date "2020.03.08"]
[Round "3.3"]
[White "Riha, Vojtech"]
[Black "Stinka, Jakub"]
[Result "1/2-1/2"]
[WhiteElo "2306"]
[BlackElo "2263"]
[Annotator "ChessBase"]
[PlyCount "127"]
[EventDate "2020.03.07"]
[EventCountry "CZE"]
[SourceTitle "playchess.com"]
[Source "ChessBase"]
[SourceQuality "1"]
[TimeControl "5400+30"]

1. e4 {[%emt 0:00:00]} c5 {[%emt 0:00:06]} 2. b4 {[%emt 0:00:00]} cxb4 {[%emt 0:00:28]} 3. a3 {[%emt 0:00:00]} b3 {[%emt 0:00:43]} 4. cxb3 {[%emt 0:00:13]} d5 {[%emt 0:00:16]} 5. exd5 {[%emt 0:01:39]} Nf6 {[%emt 0:00:45]} 6. Nc3 {[%emt 0:00:06]} Nxd5 {[%emt 0:00:58]} 7. Qf3 {[%emt 0:11:30]} Nf6 {[%emt 0:05:15]} 8. Bb5+ {[%emt 0:04:48]} Nbd7 {[%emt 0:03:36]} 9. d4 {[%emt 0:03:15]} g6 {[%emt 0:02:56]} 10. Qe2 {[%emt 0:06:22]} Bg7 {[%emt 0:02:31]} 11. Nf3 {[%emt 0:00:35]} O-O {[%emt 0:01:10]} 12. O-O {[%emt 0:01:15]} a6 {[%emt 0:02:21]} 13. Bd3 {[%emt 0:02:19]} Nb6 {[%emt 0:01:30]} 14. h3 {[%emt 0:03:25]} Be6 {[%emt 0:04:08]} 15. b4 {[%emt 0:03:12]} Rc8 {[%emt 0:02:31]} 16. Bd2 {[%emt 0:02:57]} Bc4 {[%emt 0:04:39]} 17. Rac1 {[%emt 0:05:19]} Bxd3 {[%emt 0:14:12]} 18. Qxd3 {[%emt 0:00:04]} Nc4 {[%emt 0:07:52]} 19. Na4 {[%emt 0:01:28]} b5 {[%emt 0:04:59]} 20. Nc5 {[%emt 0:01:10]} e5 {[%emt 0:01:00]} 21. dxe5 {[%emt 0:11:32]} Qxd3 {[%emt 0:06:31]} 22. Nxd3 {[%emt 0:00:04]} Nd7 {[%emt 0:05:44]} 23. Bf4 {[%emt 0:02:52]} Nxa3 {[%emt 0:01:58]} 24. Rfe1 {[%emt 0:04:02]} Nc4 {[%emt 0:02:54]} 25. e6 {[%emt 0:07:04]} fxe6 {[%emt 0:01:34]} 26. Rxe6 {[%emt 0:00:12]} Ndb6 {[%emt 0:02:17]} 27. Be3 {[%emt 0:04:21]} Nxe3 {[%emt 0:03:26]} 28. Rxc8 {[%emt 0:00:57]} Rxc8 {[%emt 0:00:51]} 29. Rxb6 {[%emt 0:01:18]} Nc2 {[%emt 0:02:02]} 30. Rxa6 Rd8 {[%emt 0:01:21]} 31. Nc5 {[%emt 0:04:45]} Nxb4 {[%emt 0:02:17]} 32. Rb6 {[%emt 0:01:36]} Bf8 {[%emt 0:04:19]} 33. Rxb5 {[%emt 0:02:52]} Rd1+ {[%emt 0:03:01]} 34. Kh2 {[%emt 0:00:05]} Bd6+ {[%emt 0:02:37]} 35. g3 {[%emt 0:00:30]} Bxc5 {[%emt 0:02:56]} 36. Rxc5 {[%emt 0:00:06]} Nd3 {[%emt 0:00:02]} 37. Rc8+ {[%emt 0:00:55]} Kg7 {[%emt 0:00:07]} 38. Rc7+ {[%emt 0:00:47]} Kg8 {[%emt 0:00:28]} 39. Kg2 {[%emt 0:01:25]} Ne1+ {[%emt 0:01:08]} 40. Nxe1 {[%emt 0:00:05]} Rxe1 {[%emt 0:00:05]} 41. g4 {[%emt 0:02:40]} g5 {[%emt 0:01:48]} 42. Rc5 {[%emt 0:01:30]} h6 {[%emt 0:00:51]} 43. h4 {[%emt 0:00:56]} gxh4 {[%emt 0:00:00]} 44. Rh5 {[%emt 0:00:00]} Kg7 {[%emt 0:00:00]} 45. Rxh4 {[%emt 0:00:00]} Kg6 {[%emt 0:00:00]} 46. Rh5 {[%emt 0:00:00]} Ra1 {[%emt 0:00:00]} 47. Rb5 {[%emt 0:00:00]} Ra4 {[%emt 0:00:00]} 48. Kg3 {[%emt 0:00:00]} Rc4 {[%emt 0:00:00]} 49. Rb6+ {[%emt 0:00:00]} Kg7 {[%emt 0:00:00]} 50. f4 {[%emt 0:00:00]} Rc3+ {[%emt 0:00:00]} 51. Kh4 {[%emt 0:00:00]} Rc1 {[%emt 0:00:00]} 52. f5 {[%emt 0:00:00]} Rh1+ {[%emt 0:00:00]} 53. Kg3 {[%emt 0:00:00]} Rf1 {[%emt 0:00:00]} 54. Rb7+ {[%emt 0:00:00]} Kg8 {[%emt 0:00:00]} 55. Ra7 {[%emt 0:00:00]} h5 {[%emt 0:00:00]} 56. Kh4 {[%emt 0:00:00]} hxg4 {[%emt 0:00:00]} 57. Kxg4 {[%emt 0:00:00]} Rb1 {[%emt 0:00:00]} 58. Kg5 {[%emt 0:00:00]} Rb6 {[%emt 0:00:00]} 59. f6 {[%emt 0:00:00]} Rb1 {[%emt 0:00:00]} 60. Kg6 {[%emt 0:00:00]} Rg1+ {[%emt 0:00:00]} 61. Kf5 {[%emt 0:00:00]} Rf1+ {[%emt 0:00:00]} 62. Kg6 {[%emt 0:00:00]} Rg1+ {[%emt 0:00:00]} 63. Kf5 {[%emt 0:00:00]} Rf1+ {[%emt 0:00:00]} 64. Ke4 1/2-1/2

[Event "CZE-ch Junior 2020"]
[Site "Kouty nad Desnou"]
[Date "2020.03.08"]
[Round "3.4"]
[White "Bulockin, Martin"]
[Black "Sramek, Vojtech"]
[Result "1/2-1/2"]
[WhiteElo "2218"]
[BlackElo "2181"]
[Annotator "ChessBase"]
[PlyCount "71"]
[EventDate "2020.03.07"]
[EventCountry "CZE"]
[SourceTitle "playchess.com"]
[Source "ChessBase"]
[SourceQuality "1"]
[TimeControl "5400+30"]

1. d4 {[%emt 0:00:00]} d5 {[%emt 0:00:00]} 2. Nf3 {[%emt 0:01:02]} e6 {[%emt 0:01:44]} 3. g3 {[%emt 0:00:42]} Nf6 {[%emt 0:05:18]} 4. Bg2 {[%emt 0:00:44]} c6 {[%emt 0:04:55]} 5. O-O {[%emt 0:03:24]} Be7 {[%emt 0:01:52]} 6. Nbd2 {[%emt 0:02:26]} O-O {[%emt 0:01:33]} 7. c4 {[%emt 0:04:40]} b6 {[%emt 0:02:47]} 8. Qc2 {[%emt 0:02:09]} Bb7 {[%emt 0:03:07]} 9. b3 {[%emt 0:02:26]} Nbd7 {[%emt 0:02:23]} 10. Bb2 {[%emt 0:03:50]} Rc8 {[%emt 0:05:05]} 11. Ne5 {[%emt 0:04:33]} c5 {[%emt 0:07:54]} 12. e3 {[%emt 0:04:47]} Qc7 {[%emt 0:07:44]} 13. Nxd7 {[%emt 0:09:22]} Qxd7 {[%emt 0:04:26]} 14. dxc5 {[%emt 0:03:39]} dxc4 {[%emt 0:04:50]} 15. Bxb7 {[%emt 0:04:25]} Qxb7 {[%emt 0:00:21]} 16. Nxc4 {[%emt 0:00:52]} Rxc5 {[%emt 0:01:36]} 17. Qe2 {[%emt 0:02:03]} Rd8 {[%emt 0:10:25]} 18. Rfd1 {[%emt 0:03:28]} Rcd5 {[%emt 0:02:57]} 19. Ne5 {[%emt 0:04:39]} Ne4 {[%emt 0:10:03]} 20. Rxd5 {[%emt 0:07:04]} Qxd5 {[%emt 0:00:40]} 21. Nf3 {[%emt 0:03:42]} Bf6 {[%emt 0:05:22]} 22. Bxf6 {[%emt 0:01:13]} Nxf6 {[%emt 0:00:10]} 23. Rc1 {[%emt 0:02:43]} g6 {[%emt 0:06:45]} 24. Kg2 {[%emt 0:03:09]} Ne4 {[%emt 0:00:59]} 25. Qc4 {[%emt 0:02:14]} Qxc4 {[%emt 0:03:23]} 26. Rxc4 {[%emt 0:00:08]} Nc5 {[%emt 0:02:04]} 27. b4 {[%emt 0:02:39]} Nd3 {[%emt 0:00:50]} 28. b5 {[%emt 0:02:40]} Rd5 {[%emt 0:02:17]} 29. Rd4 {[%emt 0:01:39]} Rxd4 {[%emt 0:01:12]} 30. Nxd4 {[%emt 0:00:05]} Nc5 {[%emt 0:00:50]} 31. Kf3 {[%emt 0:01:41]} Kf8 {[%emt 0:00:11]} 32. Nc6 {[%emt 0:01:21]} a6 {[%emt 0:00:08]} 33. bxa6 {[%emt 0:00:08]} Nxa6 {[%emt 0:00:05]} 34. e4 {[%emt 0:03:03]} Ke8 {[%emt 0:01:08]} 35. e5 {[%emt 0:01:00]} Kd7 {[%emt 0:00:33]} 36. Nd4 {[%emt 0:00:07]} 1/2-1/2

[Event "CZE-ch Junior 2020"]
[Site "Kouty nad Desnou"]
[Date "2020.03.08"]
[Round "3.5"]
[White "Mica, Marek"]
[Black "Skalsky, Alexandr"]
[Result "1-0"]
[WhiteElo "2306"]
[BlackElo "2201"]
[Annotator "TA"]
[PlyCount "119"]
[EventDate "2020.03.07"]
[EventCountry "CZE"]
[SourceTitle "playchess.com"]
[Source "ChessBase"]
[SourceQuality "1"]

{[%evp 16,119,23,23,21,-20,-10,-5,-8,-8,-8,-8,-11,-56,0,0,0,-20,23,0,0,-23,-24,-45,-33,-45,0,-16,6,12,29,19,8,0,52,47,47,36,62,30,41,0,0,7,0,-23,0,-13,0,-9,-14,-14,0,0,0,0,0,0,0,0,202,213,212,213,197,143,262,266,407,325,311,278,190,0,187,139,151,136,248,102,317,312,597,577,947,787,12836,12836,12836,12836,12840,12839,12841,12841,12841,12841,29986,29987,29986,29987,29990,29990,29990,29991,29991,29990]} 1. d4 Nf6 2. c4 g6 3. Nc3 d5 4. Bg5 Ne4 5. Bh4 Nxc3 6. bxc3 dxc4 7. e3 Be6 8. Nf3 Bg7 9. Be2 Nd7 {D91: Grünfeld: 4 Nf3 Bg7 5 Bg5.} 10. Ng5 Bd5 11. e4 h6 {The position is equal.} 12. exd5 hxg5 13. Bxg5 Nb6 {[#]} 14. Qc1 $146 ({Predecessor:} 14. Bf3 Nxd5 15. Qa4+ c6 16. Qxc4 Qd6 17. Rb1 b5 18. Rxb5 cxb5 19. Qxb5+ Kf8 20. Qxd5 {½-½ (27) Ponomariov,R (2727)-Anand,V (2788) Zuerich 2009}) 14... Qd7 (14... Qd6 $15 15. Bf4 Qxd5) 15. O-O $11 O-O-O 16. a4 f6 (16... Nxd5 {is more complex.} 17. Re1 Qc6 18. a5 Bf6 19. Bf4 a6) 17. Bf4 Nxd5 18. Bg3 Qc6 19. a5 f5 20. Bf3 Bh6 21. Qc2 f4 22. Bh4 {Strongly threatening a6!} g5 23. Bxg5 $1 {[%mdl 64] Decoy} Bxg5 24. Qf5+ {[%mdl 64] Double Attack} e6 (24... Kb8 $11 25. Qxg5 Nxc3 26. Qxf4 (26. Bxc6 {gets mated.} Ne2+ {[%mdl 64] Double Attack} 27. Kh1 Rxh2+ {[%mdl 64] Clearance} 28. Kxh2 Rh8+ 29. Qh6 Rxh6#) 26... Rhg8) 25. Qxg5 $14 Rdg8 26. Qe5 Qd7 27. Rfe1 (27. Rfb1 {keeps more tension.} Rh6 28. Rb2 Rh3 29. Kh1 Rxf3 30. gxf3 Nxc3 31. Rg1) 27... Rh6 28. Bxd5 (28. Ra2 {is interesting.} c6 29. Rae2 Qg7 30. Bxd5 exd5 31. g3) 28... Qxd5 29. Qxd5 exd5 {[%mdl 4096] Endgame KRR-KRR} 30. f3 Rgh8 31. h3 Rg8 {Black wants to play ...Rxh3.} 32. Kf1 Rhg6 33. Ra2 Rg5 34. Re7 R5g7 35. Re5 Rg5 $1 {[%cal Rg5e5] With the idea ...Rxe5.} 36. Rae2 b6 37. a6 Kd8 $2 {[#]} (37... b5 $11 {and Black is okay.}) 38. h4 $1 $18 Rxe5 39. Rxe5 {KR-KR} c6 40. Rf5 Ke7 (40... b5 $16) 41. Rxf4 b5 (41... Rh8 {was worth a try.} 42. g3 Rh5) 42. Rg4 Rh8 43. Rg7+ Kd6 44. Rxa7 $2 (44. Ke2 $18) 44... c5 $2 (44... b4 $1 $11 {and Black has nothing to worry.}) 45. dxc5+ Kxc5 46. Rd7 {Hoping for a7.} Kc6 {[#]} (46... Rxh4 $16 {was called for.} 47. Ke2 Rh1) 47. Rf7 (47. Re7 $1 $18 {is the precise move to win.}) 47... d4 $2 {This move loses the game for Black.} (47... Rxh4 $16 48. a7 Rh1+ 49. Kf2 Ra1) 48. cxd4 {[%cal Bc3d4,Bd4d5,Bd5d6,Bd6d7][%mdl 32]} b4 $2 (48... Rxh4 {is a better defense.} 49. Ke2 Rxd4) 49. Ke2 Kb5 50. a7 {Rb7+ is the strong threat.} Ka4 51. Rb7 Ra8 52. d5 Kb3 53. d6 c3 54. d7 c2 55. Kd2 Rd8 56. Rc7 {White mates.} Kb2 57. Rxc2+ Ka1 58. a8=Q+ {[%mdl 64] Promotion} Rxa8 59. Rc8 Ra2+ 60. Ke3 {Accuracy: White = 80%, Black = 49%.} 1-0

[Event "CZE-ch Junior 2020"]
[Site "Kouty nad Desnou"]
[Date "2020.03.08"]
[Round "3.6"]
[White "Sprenar, Petr"]
[Black "Simet, Martin"]
[Result "1-0"]
[WhiteElo "2302"]
[BlackElo "2218"]
[Annotator "ChessBase"]
[PlyCount "65"]
[EventDate "2020.03.07"]
[EventCountry "CZE"]
[SourceTitle "playchess.com"]
[Source "ChessBase"]
[SourceQuality "1"]
[TimeControl "5400+30"]

1. d4 {[%emt 0:00:00]} Nf6 {[%emt 0:01:01]} 2. c4 {[%emt 0:00:00]} e6 {[%emt 0:01:17]} 3. g3 {[%emt 0:00:01]} d5 {[%emt 0:01:52]} 4. Nf3 {[%emt 0:00:07]} dxc4 {[%emt 0:02:14]} 5. Bg2 {[%emt 0:00:06]} Bd7 {[%emt 0:00:09]} 6. Ne5 {[%emt 0:00:03]} Bc6 {[%emt 0:00:07]} 7. Nxc6 {[%emt 0:00:04]} Nxc6 {[%emt 0:00:08]} 8. O-O {[%emt 0:01:37]} Qd7 {[%emt 0:02:13]} 9. Nc3 {[%emt 0:02:16]} Rd8 {[%emt 0:01:51]} 10. e3 {[%emt 0:00:57]} a6 {[%emt 0:02:57]} 11. Qe2 {[%emt 0:14:31]} Na5 {[%emt 0:09:00]} 12. Bd2 {[%emt 0:14:10]} Bb4 {[%emt 0:03:06]} 13. a3 {[%emt 0:13:02]} Be7 {[%emt 0:07:26]} 14. Rad1 {[%emt 0:07:38]} b5 {[%emt 0:04:11]} 15. e4 {[%emt 0:03:36]} Nb3 {[%emt 0:03:21]} 16. Be3 {[%emt 0:00:18]} O-O {[%emt 0:01:03]} 17. f4 {[%emt 0:01:46]} c6 {[%emt 0:03:09]} 18. g4 {[%emt 0:02:46]} Qa7 {[%emt 0:06:48]} 19. g5 {[%emt 0:03:21]} Nd7 {[%emt 0:12:54]} 20. e5 {[%emt 0:04:50]} Qc7 {[%emt 0:03:38]} 21. Qh5 {[%emt 0:04:14]} Rfe8 {[%emt 0:04:49]} 22. Rf3 {[%emt 0:03:14]} g6 {[%emt 0:10:04]} 23. Qh6 {[%emt 0:01:11]} Bf8 {[%emt 0:02:05]} 24. Qh4 {[%emt 0:00:05]} c5 {[%emt 0:02:35]} 25. d5 {[%emt 0:02:05]} Nd4 {[%emt 0:00:28]} 26. Rh3 {[%emt 0:01:41]} h6 {[%emt 0:00:41]} 27. d6 {[%emt 0:03:08]} Qb6 {[%emt 0:01:23]} 28. gxh6 {[%emt 0:04:35]} Nf5 {[%emt 0:02:26]} 29. Qg5 {[%emt 0:00:57]} Rb8 {[%emt 0:00:49]} 30. Be4 {[%emt 0:04:37]} Qd8 {[%emt 0:02:12]} 31. Qg2 {[%emt 0:01:24]} Kh7 {[%emt 0:03:19]} 32. Bxf5 {[%emt 0:00:27]} gxf5 {[%emt 0:00:13]} 33. Kf2 {[%emt 0:01:11]} 1-0

[Event "CZE-ch Junior 2020"]
[Site "Kouty nad Desnou"]
[Date "2020.03.09"]
[Round "4.1"]
[White "Brejnik, Gustav"]
[Black "Simet, Martin"]
[Result "1-0"]
[WhiteElo "2259"]
[BlackElo "2218"]
[Annotator "TA"]
[PlyCount "79"]
[EventDate "2020.03.07"]
[EventCountry "CZE"]
[SourceTitle "playchess.com"]
[Source "ChessBase"]
[SourceQuality "1"]

{[%evp 12,79,60,46,52,37,42,25,44,38,52,32,39,34,50,39,33,27,55,48,64,64,62,31,94,64,79,53,91,115,117,120,197,137,155,104,93,96,200,218,375,375,531,499,496,492,560,502,476,406,437,431,384,409,540,358,391,387,383,388,378,355,502,501,626,626,612,586,29989,29990]} 1. d4 d6 2. c4 e5 3. Nc3 Nd7 4. Nf3 Ngf6 5. g3 Be7 6. Bg2 O-O 7. O-O a6 {A54: Old Indian Defence with Nf3, but without e4.} 8. a4 Re8 9. e4 c6 {White has an edge.} 10. h3 Bf8 11. Be3 a5 12. Qc2 Qc7 13. Rfd1 exd4 14. Nxd4 {[#]} Nb6 $146 ({Predecessor:} 14... Ne5 15. b3 g6 16. Rd2 Ned7 17. Rad1 Nc5 18. Bg5 Bg7 19. Nde2 Qb6 20. Rxd6 Nfd7 21. Nd5 Qxb3 22. Qxb3 Nxb3 23. Nc7 Re5 24. Nxa8 Rxg5 25. Rxd7 Bxd7 26. Rxd7 {1-0 (26) Wang,H (2743)-Topalov,V (2793) Stavanger 2013}) 15. b3 Nfd7 16. f4 Nc5 17. Re1 Bd7 ({Black should play} 17... g6 $14) 18. Rad1 Rad8 19. Nf3 Na6 20. Qf2 $36 {[%mdl 2048] White has strong initiative.} Na8 21. g4 b6 (21... Nc5 $16) 22. Kh1 (22. Rf1 $18) 22... Nc5 $16 {[#]} 23. Bxc5 (23. Nd4 $142 $1) 23... bxc5 24. e5 Qb7 (24... Nb6 $16) 25. Qc2 {Threatens to win with Ng5.} ({Don't do} 25. exd6 $6 Qxb3 26. Qd2 f6 $16) 25... Re6 $2 (25... h6 {was worth a try.} 26. exd6 Rxe1+ 27. Nxe1 Qb8) 26. f5 $18 (26. Ng5 Rh6 $18) 26... Rh6 (26... Rxe5 {might work better.} 27. Nxe5 dxe5 28. Rxe5 Nc7) 27. g5 Rh5 28. Ne2 g6 {[#]} 29. e6 $1 {[%mdl 512]} fxe6 30. Nf4 exf5 31. Nxh5 gxh5 32. Nh4 Qc8 33. Rf1 Nc7 34. Nxf5 Bxf5 35. Qxf5 ({Less strong is} 35. Rxf5 Ne6 $18) 35... Qxf5 36. Rxf5 Ne6 (36... Na6 $142 37. Bxc6 Nb4) 37. Bxc6 Nd4 38. Bd5+ Kh8 39. Rf7 Nxb3 40. Rb1 {Accuracy: White = 79%, Black = 40%.} 1-0

[Event "CZE-ch Junior 2020"]
[Site "Kouty nad Desnou"]
[Date "2020.03.09"]
[Round "4.2"]
[White "Skalsky, Alexandr"]
[Black "Sprenar, Petr"]
[Result "1-0"]
[WhiteElo "2201"]
[BlackElo "2302"]
[Annotator "TA"]
[PlyCount "49"]
[EventDate "2020.03.07"]
[EventCountry "CZE"]
[SourceTitle "playchess.com"]
[Source "ChessBase"]
[SourceQuality "1"]

{[%evp 17,49,39,37,21,39,47,36,31,60,62,58,58,52,42,64,64,140,158,394,404,526,521,697,697,935,934,913,906,876,848,29966,29966,29993,-253]} 1. e4 c5 2. Nf3 e6 3. d4 cxd4 4. Nxd4 Nc6 5. Nc3 Qc7 6. Be3 a6 7. a3 Nf6 8. f4 d6 9. Qf3 Be7 10. O-O-O {B82: Sicilian Scheveningen: 6 f4.} O-O 11. Nxc6 bxc6 12. g4 $1 {White is slightly better.} d5 13. g5 $1 {[%cal Rg5f6]} dxe4 14. Nxe4 Nd5 15. Rg1 $36 {[%mdl 2048] White is more active.} Nxe3 16. Qxe3 {[#]} c5 $146 (16... Kh8 $14) ({Predecessor:} 16... Kh8 17. Bd3 e5 18. Nf6 exf4 19. Qe4 g6 20. Qd4 c5 21. Qc3 Bxf6 22. Qxf6+ Kg8 23. Rgf1 c4 24. Be4 Rb8 25. Rxf4 Rb6 26. Qd4 Qxf4+ {0-1 (26) Idani,P (2568)-Cori,J (2671) chess24.com INT 2020}) 17. f5 $16 {f6 is the strong threat.} f6 $2 (17... Rd8 $16) 18. Bc4 $18 Kh8 19. gxf6 Bxf6 20. Nxf6 gxf6 {[#]} 21. Qh6 $1 {[%cal Rh6f8][%mdl 512]} Qe7 22. fxe6 Ra7 23. Rd3 Rc7 24. Rdg3 Bb7 {[#]} 25. Qxf8+ $1 {[%mdl 33344] Promotion. Black did not feel at home in the position after the opening. Accuracy: White = 100%, Black = 31%. . Loss on time!?} 1-0

[Event "CZE-ch Junior 2020"]
[Site "Kouty nad Desnou"]
[Date "2020.03.09"]
[Round "4.3"]
[White "Sramek, Vojtech"]
[Black "Mica, Marek"]
[Result "0-1"]
[WhiteElo "2181"]
[BlackElo "2306"]
[Annotator "TA"]
[PlyCount "72"]
[EventDate "2020.03.07"]
[EventCountry "CZE"]
[SourceTitle "playchess.com"]
[Source "ChessBase"]
[SourceQuality "1"]

{[%evp 24,72,13,0,0,-21,71,-14,-14,-81,-86,-168,-171,-209,-153,-148,-158,-153,-168,-289,-255,-276,-275,-410,-426,-394,-329,-314,-325,-326,-327,-334,-327,-401,-249,-310,-298,-443,-378,-847,-807,-681,-731,-6103,-4710,-29972,-29974,-29989,-29989,-29989,-29990]} 1. e4 c6 2. d4 d5 3. Nd2 dxe4 4. Nxe4 Bf5 5. Ng3 Bg6 6. h4 h6 7. Nf3 Nd7 8. h5 Bh7 9. Bd3 Bxd3 10. Qxd3 e6 11. Bd2 Ngf6 12. O-O-O Be7 13. Kb1 Qb6 {B19: Classical Caro-Kann: 4...Bf5 main line.} 14. c4 Rd8 $1 {[%mdl 4] [#] now scores much better than the old 14...0-0.} (14... O-O $11) 15. Qe2 (15. Nh4 $1 $16) 15... O-O $11 {The position is equal.} 16. Nf1 (16. Ne5 $11 {remains equal.}) 16... c5 $17 {[#]} 17. d5 $146 (17. Be3 $17) ({Predecessor:} 17. g4 Nxg4 18. Rg1 f5 19. Ne3 cxd4 20. Nxg4 fxg4 21. Rxg4 d3 22. Qe4 Bf6 23. Bc1 {0-1 (68) Krzesinski,P (2087)-Stork,O (2093) Germany 2018}) 17... exd5 $19 18. Ne3 (18. Qxe7 $2 Rde8 $19) 18... Qe6 19. Qd3 {[%cal Rc4d5]} d4 20. Nf5 {[#] Black must now prevent Rhe1.} Ne4 21. Nxe7+ (21. Rde1 {was necessary.} Qxf5 22. Qxe4 Qxe4+ 23. Rxe4) 21... Qxe7 22. Rhe1 f5 ({Weaker is} 22... Nxf2 23. Rxe7 Nxd3 24. Ba5 $15) 23. g4 (23. Bf4 {might work better.}) 23... Qf7 24. Re2 fxg4 25. Rxe4 Qxf3 ({But not} 25... gxf3 26. Rg1) 26. Qxf3 gxf3 ({Don't play} 26... Rxf3 27. Rxg4 Ne5 28. Rg3 $19) 27. Rg1 {White hopes to continue with Bxh6.} Nf6 28. Re5 Kh8 29. Re7 Nxh5 30. Rxb7 (30. Rh1 $142 Nf4 31. Rxb7) 30... Rde8 31. Rg6 $2 (31. Rh1 Rf5 32. Rg1) 31... Re2 32. Bxh6 Rxf2 33. Bxg7+ Nxg7 34. Rgxg7 Rg2 {Black mates.} 35. Rh7+ Kg8 36. Rh1 f2 {Accuracy: White = 23%, Black = 70%.} 0-1

[Event "CZE-ch Junior 2020"]
[Site "Kouty nad Desnou"]
[Date "2020.03.09"]
[Round "4.4"]
[White "Stinka, Jakub"]
[Black "Bulockin, Martin"]
[Result "1-0"]
[WhiteElo "2263"]
[BlackElo "2218"]
[Annotator "TA"]
[PlyCount "81"]
[EventDate "2020.03.07"]
[EventCountry "CZE"]
[SourceTitle "playchess.com"]
[Source "ChessBase"]
[SourceQuality "1"]

{[%evp 10,81,83,50,67,52,104,103,104,80,68,68,59,53,55,60,58,49,84,97,87,86,86,64,68,56,68,56,55,69,58,59,63,56,53,49,75,32,29,30,73,72,207,207,202,211,205,210,191,139,174,167,171,163,431,422,475,474,1536,1447,1512,1455,29976,29977,29978,29979,29980,29981,29981,29982,29982,29983,29984,29982]} 1. d4 Nf6 2. c4 e6 3. Nc3 c5 4. d5 exd5 5. cxd5 Bd6 6. g3 O-O {A60: Modern Benoni: Early Divergences.} 7. Bg2 Bc7 (7... Be5 $14) 8. d6 $1 $16 {[%cal Rd6c7]} Ba5 {White is better.} 9. Nf3 Ne4 10. Qd3 $1 {[%cal Rd3e4]} Re8 {[#]} 11. Bd2 $146 ({Predecessor:} 11. O-O Bxc3 12. bxc3 Qf6 13. Bf4 Nc6 14. Rac1 b5 15. Nd4 c4 16. Qc2 Nxd4 17. cxd4 {0-1 (32) Regez,M (2180)-Egle,S (2217) Switzerland 2013}) 11... Nxd2 12. Nxd2 Nc6 13. O-O Bxc3 14. bxc3 b6 15. f4 Bb7 16. Bd5 Na5 17. Bxb7 Nxb7 18. e4 c4 19. Qd5 Qc8 20. e5 ({Much worse is} 20. Qxc4 Qxc4 21. Nxc4 Rxe4 $15) (20. Rf2 {seems wilder.} Rb8 21. e5 Qc5 22. Qf3 Rec8 23. Rb1) 20... Qc5+ 21. Qxc5 Nxc5 22. Nxc4 f6 23. Rfe1 Rac8 24. exf6 gxf6 25. Re7 $36 {[%mdl 2048] Keeping Black busy.} b5 {Now Black is done in.} (25... Rxe7 $16 {keeps fighting.} 26. dxe7 Re8) 26. Ne3 $18 Rxe7 27. dxe7 {[%mdl 4096] Endgame KRN-KRN} Kf7 28. Nf5 $1 {[%cal Rf5d6]} Rc6 29. Nd4 (29. Rb1 $18) 29... Rc8 30. Re1 $1 Ne6 31. Nxb5 {Hoping for Nd6+.} Kxe7 $2 (31... Rc5) 32. f5 {[%mdl 64] Pin} Rc5 {[#]} 33. Nd4 $1 {[%mdl 64] Pin} ({Weaker is} 33. fxe6 Rxb5 34. exd7+ Kxd7 $16) 33... Re5 {[#]} (33... Rxc3 $142 34. fxe6 Rc5 35. exd7+ Kxd7) 34. Rxe5 $1 fxe5 35. Nxe6 dxe6 36. fxe6 {White mates.} Kxe6 {KP-KP} 37. Kf2 Kd5 38. Ke3 Kc4 39. g4 Kxc3 40. h4 a5 41. a4 {Accuracy: White = 93%, Black = 62%.} 1-0